| 000 | 01021nam a22002777a 4500 | ||
|---|---|---|---|
| 999 |
_c63349 _d63349 |
||
| 005 | 20240530110636.0 | ||
| 008 | 170925s2013 ua c f 000 0cara d | ||
| 017 |
_a2013/22068 _bمصر. دار الكتب |
||
| 020 | _a9789771810044 | ||
| 040 |
_aEG-CaGPL _cEG-CaGPL |
||
| 082 | 0 | 4 |
_221 _a780.92\ _bع ت |
| 100 | 0 | _aعبدالمنعم عرفة . | |
| 245 | 1 | 0 |
_aتاريخ اعلام الموسيقى الشرقية / _cتاليف عبدالمنعم عرفة . |
| 250 | _aط.1 | ||
| 260 |
_aالقاهرة : _bمطبعة دار الكتب و الوثائق القومية بالقاهرة ، _c2013 . |
||
| 300 |
_a169 ص ؛ _c24 سم . |
||
| 600 | 0 | _aعبده الحامولى . | |
| 600 | 0 | _aالشيخ سلامة حجازى . | |
| 600 | 0 | _aمحمد سالم العجوز . | |
| 650 | 0 | 7 |
_2qrmak _aالموسيقى _xتاريخ _yالعالم العربى . |
| 650 | 0 | 7 |
_2qrmak _aالموسيقيون _vتراجم . |
| 650 | 0 | 7 | _2qrmak |
| 651 | _2qrmak | ||
| 942 |
_2ddc _cBK |
||